Focus on (Record no. 111043)

MARC details
000 -LEADER
fixed length control field 01127cad a22002175a 4500
001 - CONTROL NUMBER
control field L150941
008 - FIXED-LENGTH DATA ELEMENTS--GENERAL INFORMATION
fixed length control field 100916s2010 xxk f 000 0 eng d
035 ## - SYSTEM CONTROL NUMBER
System control number (Sirsi) u150941
041 0# - LANGUAGE CODE
Language code of text/sound track or separate title eng
050 04 - LIBRARY OF CONGRESS CALL NUMBER
Classification number 692.5 18 $2 18
110 2# - MAIN ENTRY--CORPORATE NAME
Corporate name or jurisdiction name as entry element Grant Thornton
9 (RLIN) 3043
240 ## - UNIFORM TITLE
Uniform title Grant Thornton International Business Report (IBR)
245 00 - TITLE STATEMENT
Title Focus on
Remainder of title construction and real estate
Medium [electronic resource]
260 ## - PUBLICATION, DISTRIBUTION, ETC.
Place of publication, distribution, etc. [S.I.]
Name of publisher, distributor, etc. Grant Thornton
Date of publication, distribution, etc. 2010
520 ## - SUMMARY, ETC.
Summary, etc. Global overview of the state of the sector and the outlook for construction, real estate and residential housing; optimism, pessimism, employment, revenue expectations, mergers and acquisitions; percentage of and reasons for projects posponed; global outlook for the sector; case studies from Ireland and India; the sector's perspective and the view from Grant Thornton.
590 ## - LOCAL NOTE (RLIN)
Local note KA NTK
651 #4 - SUBJECT ADDED ENTRY--GEOGRAPHIC NAME
Geographic name International
690 ## - LOCAL SUBJECT ADDED ENTRY--TOPICAL TERM (OCLC, RLIN)
Topical term or geographic name as entry element BUILT ENVIRONMENT-CONSTRUCTION MARKET
856 48 - ELECTRONIC LOCATION AND ACCESS
Uniform Resource Identifier <a href="https://www.grantthorntonibos.com/files/gti_ibr_construction_and_real_estate_focus_10_final.pdf">https://www.grantthorntonibos.com/files/gti_ibr_construction_and_real_estate_focus_10_final.pdf</a>
Public note View the website free of charge at www.grantthorntonibos.com
942 ## - ADDED ENTRY ELEMENTS (KOHA)
Suppress in OPAC 0
Holdings
Withdrawn status Lost status Source of classification or shelving scheme Damaged status Not for loan Home library Current library Shelving location Date acquired Total Checkouts Full call number Barcode Date last seen Copy number Price effective from Koha item type
    Dewey Decimal Classification     Virtual Virtual Online 16/09/2010   ONLINE PUBLICATION 150941-1001 06/08/2019 1 06/08/2019 Book